[Event "Bad Wiessee Senioren Cup 8th"]
[Site "Bad Wiessee"]
[Date "2019.05.12"]
[Round "2"]
[White "Bardin, Christian"]
[Black "Urban, Rudolf"]
[Result "0-1"]
[WhiteElo "1583"]
[BlackElo "1862"]
[PlyCount "124"]
[EventDate "2019.05.11"]
[EventType "swiss"]
[EventRounds "9"]
[EventCountry "GER"]
[SourceTitle "EXT 2020"]
[Source "ChessBase"]
[SourceDate "2019.10.17"]
[SourceVersion "1"]
[SourceVersionDate "2019.10.17"]
[SourceQuality "1"]

1. e4 c6 2. d4 d5 3. e5 c5 4. dxc5 e6 5. Be3 Qc7 6. Nf3 Bxc5 7. Bb5+ Bd7 8. Bxd7+ Nxd7 9. 0-0 Bxe3 10. fxe3 Ne7 11. Qd3 Ng6 12. Nc3 a6 13. Qd4 0-0 14. Rac1 Ngxe5 15. Nxe5 Qxe5 16. Rf3 f5 17. Ne2 Qd6 18. Rg3 e5 19. Qh4 Qf6 20. Rh3 Qxh4 21. Rxh4 Rac8 22. c3 Nf6 23. Rb4 Rf7 24. Rd1 Rd7 25. Rb6 Rc6 26. Rxc6 bxc6 27. h3 Kf7 28. Rf1 Ke6 29. Nc1 Rb7 30. Nd3 Nd7 31. b3 c5 32. g4 g6 33. gxf5+ gxf5 34. Kh2 Rb8 35. Rg1 Kf7 36. h4 Rg8 37. Rxg8 Kxg8 38. Kh3 Kf7 39. b4 c4 40. Ne1 Nb6 41. Nf3 Kf6 42. Nd2 Na4 43. Nb1 h5 44. Kg3 Ke6 45. Kf3 Kd6 46. Ke2 f4 47. Kf3 fxe3 48. Kxe3 Ke6 49. Kd2 Kf5 50. Na3 Kg4 51. b5 axb5 52. Nxb5 Kxh4 53. Nc7 Nb6 54. a4 Nxa4 55. Nxd5 Kg3 56. Ne3 Nb6 57. Ke2 e4 58. Nf5+ Kf4 59. Nh4 Nd5 60. Kd2 e3+ 61. Kc2 Kg3 62. Nf5+ Kf2 0-1

[Event "Bad Wiessee Senioren Cup 8th"]
[Site "Bad Wiessee"]
[Date "2019.05.11"]
[Round "1"]
[White "Winter, Bernd"]
[Black "Bardin, Christian"]
[Result "1/2-1/2"]
[WhiteElo "1890"]
[BlackElo "1583"]
[PlyCount "127"]
[EventDate "2019.05.11"]
[EventType "swiss"]
[EventRounds "9"]
[EventCountry "GER"]
[SourceTitle "EXT 2020"]
[Source "ChessBase"]
[SourceDate "2019.10.17"]
[SourceVersion "1"]
[SourceVersionDate "2019.10.17"]
[SourceQuality "1"]

1. e4 e5 2. Nf3 Nc6 3. Bb5 a6 4. Ba4 Nf6 5. 0-0 Be7 6. Re1 b5 7. Bb3 0-0 8. c3 d5 9. exd5 Nxd5 10. d3 Bg4 11. h3 Be6 12. Nxe5 Nxe5 13. Rxe5 c6 14. Re1 Bd6 15. d4 Qh4 16. Qd3 Rae8 17. Rf1 Qf6 18. Bc2 Qg6 19. Qxg6 fxg6 20. a4 Bf4 21. axb5 Bxc1 22. Rxc1 Nf4 23. Re1 axb5 24. Nd2 Bxh3 25. Rxe8 Rxe8 26. gxh3 Nxh3+ 27. Kf1 Nf4 28. Bb3+ Kh8 29. Bf7 Rf8 30. Ne4 h6 31. Ra7 Kh7 32. b3 h5 33. f3 Kh6 34. Kf2 h4 35. Nc5 Nh3+ 36. Ke3 Ng5 37. Ne6 Rxf7 38. Rxf7 Nxf7 39. Nf4 g5 40. Nd3 Kg6 41. Nb4 Nd8 42. c4 bxc4 43. bxc4 Kf5 44. d5 cxd5 45. Nxd5 Nc6 46. Kf2 Ke5 47. Ne3 Kd4 48. Nf5+ Kxc4 49. Nxg7 Kd5 50. Nf5 Ke5 51. Ne3 Nd4 52. Ng2 Ne6 53. Ne3 Nf4 54. Ng4+ Kf5 55. Ne3+ Kg6 56. Ng4 Kf5 57. Ne3+ Ke5 58. Ng4+ Kd4 59. Nh2 Kd3 60. Ng4 Kd2 61. Nh2 Nd3+ 62. Kg2 Ke2 63. Kh3 Ne5 64. f4 1/2-1/2

[Event "Wuertemberg-ch Seniors 27th"]
[Site "Freudenstadt"]
[Date "2015.07.07"]
[Round "5"]
[White "Hoffmann, Peter"]
[Black "Bardin, Christian"]
[Result "1-0"]
[WhiteElo "1798"]
[BlackElo "1698"]
[PlyCount "57"]
[EventDate "2015.07.03"]
[EventType "swiss"]
[EventRounds "9"]
[EventCountry "GER"]
[SourceTitle "EXT 2016"]
[Source "ChessBase"]
[SourceDate "2015.10.08"]
[SourceVersion "1"]
[SourceVersionDate "2015.10.08"]
[SourceQuality "1"]

1. d4 Nf6 2. c4 g6 3. Nc3 d5 4. cxd5 Nxd5 5. e4 Nxc3 6. bxc3 Bg7 7. Bg5 0-0 8. Qd2 c5 9. d5 Qa5 10. Rc1 f6 11. Be3 Nd7 12. Bd3 Ne5 13. Be2 Rd8 14. Qc2 Bd7 15. f4 Nf7 16. Bd2 Qc7 17. Nf3 e6 18. c4 b6 19. Bd3 e5 20. f5 Bh6 21. g4 Bxd2+ 22. Qxd2 Kf8 23. h4 Ke7 24. g5 Rg8 25. gxf6+ Kxf6 26. Ng5 Rg7 27. Ne6 Bxe6 28. fxe6 Nd6 29. Qg5# 1-0

[Event "Wuertemberg-ch Seniors 27th"]
[Site "Freudenstadt"]
[Date "2015.07.04"]
[Round "2"]
[White "Bardin, Christian"]
[Black "Storkebaum, Karl Heinrich"]
[Result "0-1"]
[WhiteElo "1698"]
[BlackElo "1898"]
[PlyCount "86"]
[EventDate "2015.07.03"]
[EventType "swiss"]
[EventRounds "9"]
[EventCountry "GER"]
[SourceTitle "EXT 2016"]
[Source "ChessBase"]
[SourceDate "2015.10.08"]
[SourceVersion "1"]
[SourceVersionDate "2015.10.08"]
[SourceQuality "1"]

1. e4 c5 2. Nf3 d6 3. Bb5+ Bd7 4. Bxd7+ Qxd7 5. c4 Nc6 6. Nc3 Nf6 7. 0-0 g6 8. d3 Bg7 9. Rb1 e6 10. Re1 0-0 11. h3 a6 12. Qe2 Nd4 13. Nxd4 cxd4 14. Nd1 Qc7 15. b3 Nd7 16. Bf4 e5 17. Bg3 f5 18. f3 Bh6 19. Rf1 fxe4 20. fxe4 Rxf1+ 21. Qxf1 Rf8 22. Qe2 Nf6 23. Nb2 Nh5 24. Bh2 Be3+ 25. Kh1 Rf2 26. Qe1 Qf7 27. Na4 Nf4 28. Bxf4 Qxf4 29. Nb6 Qg3 30. Qg1 Rd2 31. Qf1 Bf4 32. Qg1 Rxd3 33. Nd5 Rd2 34. Rf1 Be3 35. Qh2 Qh4 36. Nxe3 dxe3 37. Qg1 Qxe4 38. Re1 e2 39. Qa7 Rd1 40. Qb8+ Kg7 41. Qc7+ Kh6 42. Qe7 Rxe1+ 43. Kh2 Qf4+ 0-1

[Event "Marianske Lazne op 14th"]
[Site "Marianske Lazne"]
[Date "2015.01.24"]
[Round "9"]
[White "Bardin, Christian"]
[Black "Ruzicka, Tomas"]
[Result "0-1"]
[WhiteElo "1676"]
[BlackElo "1764"]
[PlyCount "70"]
[EventDate "2015.01.17"]
[EventType "swiss"]
[EventRounds "9"]
[EventCountry "CZE"]
[SourceTitle "CBM 164 Extra"]
[Source "ChessBase"]
[SourceDate "2015.03.02"]
[SourceVersion "1"]
[SourceVersionDate "2015.03.02"]
[SourceQuality "1"]

1. e4 e5 2. Nf3 Nf6 3. Nc3 Nc6 4. Bb5 Bd6 5. 0-0 a6 6. Bc4 Na5 7. Bb3 Nxb3 8. axb3 0-0 9. d3 c6 10. h3 Qc7 11. Be3 Be7 12. Na4 c5 13. Nc3 d6 14. Ne2 Ne8 15. Ng3 f5 16. exf5 Bxf5 17. Nxf5 Rxf5 18. Ra4 Qd7 19. Nh4 Rf7 20. Nf3 Nf6 21. Ng5 Rff8 22. Ne4 Nd5 23. Bg5 Rf7 24. Qd2 Raf8 25. Bxe7 Qxe7 26. Qg5 Qd7 27. Ng3 Nf4 28. Re4 Rf6 29. Qg4 Qc6 30. Qd1 Rg6 31. Qe1 h5 32. Rxf4 Rxf4 33. f3 h4 34. Ne2 Rxf3 35. Kh1 Rxh3+ 0-1

[Event "Bad Wiessee Seniors op"]
[Site "Bad Wiessee"]
[Date "2012.04.21"]
[Round "1"]
[White "Schneider, Johannes1111"]
[Black "Bardin, Christian"]
[Result "1-0"]
[WhiteElo "1906"]
[BlackElo "1620"]
[PlyCount "89"]
[EventDate "2012.04.21"]
[EventType "swiss"]
[EventRounds "9"]
[EventCountry "GER"]
[SourceTitle "EXT 2015"]
[Source "ChessBase"]
[SourceDate "2014.11.20"]
[SourceVersion "1"]
[SourceVersionDate "2014.11.20"]
[SourceQuality "1"]

1. e4 e5 2. Nf3 Nc6 3. Bb5 a6 4. Ba4 Nf6 5. d4 b5 6. Bb3 Be7 7. dxe5 Nxe4 8. Qd5 0-0 9. Qxe4 Bb7 10. 0-0 Na5 11. Qd3 c5 12. Bd5 c4 13. Qe4 Bxd5 14. Qxd5 Nc6 15. c3 h6 16. Nbd2 Re8 17. Ne4 Bf8 18. Be3 Ne7 19. Qd2 Nf5 20. Bc5 Bxc5 21. Nxc5 d6 22. Nb7 Qb6 23. Nxd6 Rad8 24. Qf4 Nxd6 25. exd6 Qxd6 26. Qxd6 Rxd6 27. Rad1 Rxd1 28. Rxd1 Re2 29. Rd2 Re6 30. Kf1 Kf8 31. Rd7 Ke8 32. Rc7 g6 33. Nd4 Rd6 34. Ke2 Rf6 35. Ke3 Kd8 36. Rc6 Rxc6 37. Nxc6+ Kc7 38. Ne5 Kd6 39. Nxf7+ Kc5 40. Nxh6 b4 41. cxb4+ Kxb4 42. Kd2 a5 43. Ng4 a4 44. Kc2 a3 45. Ne5 1-0

[Event "EU-ch Seniors 11th"]
[Site "Courmayeur"]
[Date "2011.04.12"]
[Round "7"]
[White "Diaz Begonte, Manuel"]
[Black "Bardin, Christian"]
[Result "1-0"]
[WhiteElo "1778"]
[BlackElo "1765"]
[PlyCount "135"]
[EventDate "2011.04.06"]
[EventType "swiss"]
[EventRounds "9"]
[EventCountry "ITA"]
[SourceTitle "CBM 141 Extra"]
[Source "ChessBase"]
[SourceDate "2011.05.03"]
[SourceVersion "1"]
[SourceVersionDate "2011.05.03"]
[SourceQuality "1"]

1. d4 Nf6 2. Bf4 e6 3. Nf3 Be7 4. h3 d6 5. e3 0-0 6. Nbd2 c5 7. Bd3 Nc6 8. c3 cxd4 9. exd4 Re8 10. 0-0 Nd5 11. Bg3 Nf6 12. Qc2 h6 13. Rfe1 Nh5 14. Bh2 Bg5 15. Nxg5 Qxg5 16. Ne4 Qd8 17. Nxd6 Rf8 18. Bh7+ Kh8 19. Bd3 Nf6 20. Re2 Ne8 21. Ne4 Nf6 22. Rae1 Nxe4 23. Bxe4 Bd7 24. d5 exd5 25. Bxd5 Qa5 26. Bb3 Rac8 27. Qd3 Rcd8 28. Bc2 f5 29. Qc4 Bc8 30. b4 Qd5 31. Qxd5 Rxd5 32. Re8 Rd8 33. Rxf8+ Rxf8 34. b5 Na5 35. Bd6 Rg8 36. Bb4 b6 37. Re7 a6 38. Bxa5 bxa5 39. bxa6 Bxa6 40. Ra7 Be2 41. Rxa5 g6 42. Re5 Bc4 43. Bb3 Rc8 44. Bxc4 Rxc4 45. Re3 Kg7 46. Kf1 f4 47. Rd3 Kf6 48. Ke1 Ke5 49. Kd1 Ra4 50. Rd2 Ra3 51. Rc2 Ke4 52. Ke2 g5 53. f3+ Kf5 54. Kd3 h5 55. Kc4 g4 56. hxg4+ hxg4 57. fxg4+ Kxg4 58. Kb4 Ra8 59. c4 Rb8+ 60. Ka5 Kg3 61. c5 Kh2 62. c6 Rg8 63. c7 Kh1 64. Kb6 Rxg2 65. Rxg2 Kxg2 66. c8Q f3 67. Qc6 Kf2 68. Qxf3+ 1-0

[Event "EU-ch Seniors 11th"]
[Site "Courmayeur"]
[Date "2011.04.07"]
[Round "2"]
[White "Bardin, Christian"]
[Black "Gousseinov, Aguif"]
[Result "0-1"]
[WhiteElo "1765"]
[BlackElo "1979"]
[PlyCount "102"]
[EventDate "2011.04.06"]
[EventType "swiss"]
[EventRounds "9"]
[EventCountry "ITA"]
[SourceTitle "CBM 141 Extra"]
[Source "ChessBase"]
[SourceDate "2011.05.03"]
[SourceVersion "1"]
[SourceVersionDate "2011.05.03"]
[SourceQuality "1"]

1. e4 e5 2. f4 exf4 3. Bc4 d6 4. Nc3 Nc6 5. d4 Qh4+ 6. Kf1 Bg4 7. Nf3 Bxf3 8. gxf3 Nf6 9. d5 Ne5 10. Be2 a6 11. Qe1 Qh3+ 12. Kf2 Nh5 13. Qg1 Be7 14. Qg2 Qh4+ 15. Kf1 g5 16. Bd2 Nf6 17. Be1 Qh6 18. h3 0-0-0 19. Nd1 Qh5 20. Nf2 Qg6 21. Bc3 h5 22. Nd3 Nc4 23. Bd4 Ne3+ 24. Bxe3 fxe3 25. Qg1 Nxe4 26. fxe4 Qxe4 27. Qg2 Qd4 28. c3 Qb6 29. Qe4 Rde8 30. Qb4 Qxb4 31. Nxb4 f5 32. Bf3 g4 33. hxg4 hxg4 34. Rxh8 Rxh8 35. Bg2 f4 36. Re1 Bg5 37. Nc2 Re8 38. Bh1 f3 39. Nd4 Bh4 40. Nxf3 gxf3 41. Bxf3 Bxe1 42. Kxe1 Re5 43. Ke2 Kd8 44. c4 Ke7 45. b3 Kf6 46. Bg4 b6 47. Bc8 a5 48. Bg4 Kg5 49. Bd7 Kf4 50. Be6 Rh5 51. Bf7 Rh2+ 0-1

[Event "Val Thorens op 34th"]
[Site "Val Thorens"]
[Date "2008.07.24"]
[Round "6"]
[White "Nockels, Nicolas"]
[Black "Bardin, Christian"]
[Result "1-0"]
[WhiteElo "1991"]
[BlackElo "1837"]
[PlyCount "55"]
[EventDate "2008.07.19"]
[EventType "swiss"]
[EventRounds "9"]
[EventCountry "FRA"]
[SourceTitle "EXT 2009"]
[Source "ChessBase"]
[SourceDate "2008.11.26"]
[SourceVersion "1"]
[SourceVersionDate "2008.11.26"]
[SourceQuality "1"]

1. e4 e5 2. Nf3 d6 3. d4 exd4 4. Nxd4 Nf6 5. Nc3 Be7 6. g3 d5 7. e5 Ne4 8. Bg2 Nxc3 9. bxc3 c6 10. 0-0 0-0 11. Re1 Re8 12. Rb1 Bf8 13. f4 Na6 14. g4 Nc5 15. Ba3 Na4 16. Bxf8 Nxc3 17. Qd3 Nxb1 18. Bd6 Qb6 19. Kh1 c5 20. Nb5 c4 21. Qxd5 Be6 22. Qxb7 Qxb7 23. Bxb7 Rab8 24. Bxb8 Rxb8 25. Bc6 Nd2 26. f5 Rb6 27. fxe6 Rxc6 28. e7 1-0

[Event "Le Touquet op"]
[Site "Le Touquet"]
[Date "2006.10.30"]
[Round "3"]
[White "Bardin, Christian"]
[Black "Warkentin, Sabine"]
[Result "1/2-1/2"]
[WhiteElo "1886"]
[BlackElo "1793"]
[PlyCount "54"]
[EventDate "2006.10.28"]
[EventType "swiss"]
[EventRounds "9"]
[EventCountry "FRA"]
[SourceTitle "EXT 2007"]
[Source "ChessBase"]
[SourceDate "2006.11.23"]
[SourceVersion "1"]
[SourceVersionDate "2006.11.23"]
[SourceQuality "1"]

1. e4 c6 2. d4 d5 3. exd5 cxd5 4. c4 e6 5. c5 g6 6. Nf3 Bg7 7. Ne5 Bxe5 8. dxe5 Qa5+ 9. Nc3 Nc6 10. Bb5 Bd7 11. Bxc6 Bxc6 12. Qd4 Ne7 13. b4 Qa6 14. a4 Nf5 15. Qg4 Qd3 16. Bd2 Nd4 17. Ra2 Nc2+ 18. Kd1 Nd4 19. b5 Bd7 20. Qf4 Rc8 21. Qe3 Qc4 22. Rb2 Qxc5 23. Ne2 Nf5 24. Qxc5 Rxc5 25. Rc2 Rxc2 26. Kxc2 0-0 27. Rc1 Rc8+ 1/2-1/2

[Event "FRA-chT2B 0506"]
[Site "France"]
[Date "2006.04.02"]
[Round "11.8"]
[White "Bardin, Christian"]
[Black "Louset, Theo"]
[Result "1-0"]
[WhiteElo "1917"]
[BlackElo "1850"]
[PlyCount "149"]
[EventDate "2005.10.27"]
[EventType "team-tourn"]
[EventRounds "11"]
[EventCountry "FRA"]
[SourceTitle "EXT 2006"]
[Source "ChessBase"]
[SourceDate "2005.11.24"]
[SourceVersion "1"]
[SourceVersionDate "2005.11.24"]
[SourceQuality "1"]
[WhiteTeam "Bagneux"]
[BlackTeam "Orcher La Tour II"]
[WhiteTeamCountry "FRA"]
[BlackTeamCountry "FRA"]

1. e4 c5 2. c4 Nc6 3. Ne2 g6 4. d4 cxd4 5. Nxd4 Bg7 6. Be3 Nf6 7. Nc3 0-0 8. Be2 b6 9. 0-0 Bb7 10. f3 Rc8 11. Rc1 Ne5 12. b3 d6 13. Qd2 Re8 14. Rfd1 Nc6 15. Bf1 Qd7 16. Qf2 Red8 17. Nxc6 Bxc6 18. e5 Ne8 19. exd6 Nxd6 20. Ne4 Bxe4 21. fxe4 Qc6 22. Bd3 Nxe4 23. Bxe4 Qxe4 24. Rf1 f5 25. Rce1 Qb7 26. Qh4 e5 27. Rd1 Rxd1 28. Rxd1 Qc7 29. Bg5 h6 30. Bxh6 Bxh6 31. Qxh6 Qc6 32. Rd3 Kf7 33. Qh7+ Kf6 34. Rd7 Qc5+ 35. Kf1 Kg5 36. h4+ Kf4 37. Qh6+ Ke4 38. Qd2 Qe3 39. Qd5+ Kf4 40. Qd2 Qxd2 41. Rxd2 e4 42. Rd6 g5 43. hxg5 Kxg5 44. Kf2 Kf4 45. g3+ Ke5 46. Rd5+ Ke6 47. Ke3 Rc5 48. Rd8 Ra5 49. a4 a6 50. Rb8 Kd6 51. Rxb6+ Kc5 52. Rb8 Kd6 53. Kd4 Kc7 54. Rg8 Kd7 55. Rg6 Ke7 56. Rb6 Kd7 57. Rh6 Ke7 58. c5 e3 59. Kxe3 Rxc5 60. Rxa6 Rc3+ 61. Kf4 Rxb3 62. a5 Rb5 63. Ra7+ Kf6 64. Ra6+ Kf7 65. Kg5 Ke7 66. Ra7+ Ke6 67. a6 Rb8 68. Rb7 Ra8 69. a7 Kd6 70. Kxf5 Kc6 71. Rf7 Kd5 72. g4 Re8 73. g5 Re5+ 74. Kf6 Re8 75. g6 1-0

[Event "FRA-chT2B 0506"]
[Site "France"]
[Date "2006.03.12"]
[Round "9.8"]
[White "Bardin, Christian"]
[Black "Marchadour, Emilie"]
[Result "0-1"]
[WhiteElo "1917"]
[BlackElo "2067"]
[PlyCount "64"]
[EventDate "2005.10.27"]
[EventType "team-tourn"]
[EventRounds "11"]
[EventCountry "FRA"]
[SourceTitle "EXT 2006"]
[Source "ChessBase"]
[SourceDate "2005.11.24"]
[SourceVersion "1"]
[SourceVersionDate "2005.11.24"]
[SourceQuality "1"]
[WhiteTeam "Bagneux"]
[BlackTeam "Clichy II"]
[WhiteTeamCountry "FRA"]
[BlackTeamCountry "FRA"]

1. e4 c5 2. c4 Nc6 3. Ne2 e6 4. d4 cxd4 5. Nxd4 Nf6 6. Nc3 Qc7 7. Be2 Bb4 8. f3 0-0 9. Be3 d5 10. 0-0 Bxc3 11. bxc3 dxe4 12. Nb5 Qe7 13. Qc2 exf3 14. Bxf3 a6 15. Nd4 Ne5 16. Be2 Neg4 17. Bxg4 Nxg4 18. Rf3 f5 19. Nb3 Qc7 20. Bf4 e5 21. h3 exf4 22. hxg4 fxg4 23. Rff1 Be6 24. c5 Bc4 25. Rfe1 f3 26. gxf3 gxf3 27. Qf2 Rf6 28. Re4 Rg6+ 29. Kh1 Bd5 30. Rh4 Qe5 31. Nd4 Rg2 32. Nxf3 Rxf2 0-1

[Event "Sainte Marie op"]
[Site "Sainte Marie"]
[Date "2005.10.19"]
[Round "5"]
[White "Bardin, Christian"]
[Black "Parro, Vanderlei"]
[Result "1-0"]
[WhiteElo "1914"]
[BlackElo "1799"]
[PlyCount "55"]
[EventDate "2005.10.15"]
[EventType "swiss"]
[EventRounds "9"]
[EventCountry "FRA"]
[SourceTitle "EXT 2006"]
[Source "ChessBase"]
[SourceDate "2005.11.24"]
[SourceVersion "1"]
[SourceVersionDate "2005.11.24"]
[SourceQuality "1"]

1. e4 e5 2. Nc3 Nf6 3. f4 d5 4. fxe5 Nxe4 5. Nf3 Bg4 6. Qe2 Nxc3 7. dxc3 Nd7 8. Bf4 Bc5 9. 0-0-0 c6 10. h3 Be6 11. Nd4 a5 12. Qh5 Bxd4 13. cxd4 b5 14. Be2 Nb6 15. Bg4 g6 16. Qh6 Qe7 17. Bg5 Qf8 18. Qxf8+ Rxf8 19. Bh6 Bxg4 20. hxg4 Rg8 21. Bg5 Kd7 22. Rxh7 Ke8 23. Rf1 Ra7 24. e6 Rf8 25. Bh6 Nc8 26. Bxf8 Kxf8 27. Rh8+ Ke7 28. Rxc8 1-0

[Event "Sainte Marie op"]
[Site "Sainte Marie"]
[Date "2005.10.18"]
[Round "4"]
[White "Strate, Wolfgang"]
[Black "Bardin, Christian"]
[Result "1-0"]
[WhiteElo "1790"]
[BlackElo "1914"]
[PlyCount "99"]
[EventDate "2005.10.15"]
[EventType "swiss"]
[EventRounds "9"]
[EventCountry "FRA"]
[SourceTitle "EXT 2006"]
[Source "ChessBase"]
[SourceDate "2005.11.24"]
[SourceVersion "1"]
[SourceVersionDate "2005.11.24"]
[SourceQuality "1"]

1. Nf3 b5 2. e4 Bb7 3. Bxb5 Bxe4 4. d3 Bb7 5. 0-0 Nf6 6. Bg5 e6 7. Nbd2 Be7 8. Re1 0-0 9. d4 d6 10. c4 Nbd7 11. Qc2 c5 12. dxc5 Nxc5 13. Rad1 a6 14. Ba4 Qb6 15. Re3 h6 16. Bh4 Nxa4 17. Qxa4 Bc6 18. Qc2 Qc7 19. Nd4 Bb7 20. N2f3 Ng4 21. Re2 Bxh4 22. Nxh4 d5 23. Nhf3 dxc4 24. h3 Nf6 25. Ne5 Nd5 26. Qxc4 Qxc4 27. Nxc4 Nf4 28. Rc2 Bxg2 29. Nb6 Rad8 30. Rc7 e5 31. Nd7 Rfe8 32. Nc6 Bxc6 33. Rxc6 Ne6 34. Rcd6 Nd4 35. Kg2 f6 36. f4 Nf5 37. Nxf6+ gxf6 38. Rxd8 Ne3+ 39. Kf3 Nxd1 40. Rxe8+ Kf7 41. Ra8 Nxb2 42. fxe5 fxe5 43. Rxa6 Kg7 44. Ke4 Nc4 45. Re6 h5 46. Rxe5 Kg6 47. a4 Nd2+ 48. Kd3 Nf3 49. Re3 Ng5 50. a5 1-0

[Event "Sainte Marie op"]
[Site "Sainte Marie"]
[Date "2005.10.16"]
[Round "2"]
[White "Letreguilly, Olivier"]
[Black "Bardin, Christian"]
[Result "1-0"]
[WhiteElo "2295"]
[BlackElo "1914"]
[PlyCount "47"]
[EventDate "2005.10.15"]
[EventType "swiss"]
[EventRounds "9"]
[EventCountry "FRA"]
[SourceTitle "EXT 2006"]
[Source "ChessBase"]
[SourceDate "2005.11.24"]
[SourceVersion "1"]
[SourceVersionDate "2005.11.24"]
[SourceQuality "1"]

1. d4 Nf6 2. c4 e6 3. Nf3 b6 4. Bg5 Bb7 5. e3 Be7 6. Nc3 d6 7. Bd3 Nbd7 8. 0-0 0-0 9. Rc1 c5 10. Re1 d5 11. cxd5 exd5 12. h3 Ne4 13. Bxe7 Qxe7 14. dxc5 bxc5 15. Qa4 Rfc8 16. Red1 Nb6 17. Qa3 Rc7 18. Nb5 Rc6 19. Bxe4 dxe4 20. Nfd4 Rg6 21. Qxc5 Qxc5 22. Rxc5 Rc8 23. Nf5 Kf8 24. Rxc8+ 1-0

[Event "Sainte Marie op"]
[Site "Sainte Marie"]
[Date "2005.10.15"]
[Round "1"]
[White "Bardin, Christian"]
[Black "Vaast, Jean Philippe"]
[Result "1-0"]
[WhiteElo "1914"]
[BlackElo "1520"]
[PlyCount "97"]
[EventDate "2005.10.15"]
[EventType "swiss"]
[EventRounds "9"]
[EventCountry "FRA"]
[SourceTitle "EXT 2006"]
[Source "ChessBase"]
[SourceDate "2005.11.24"]
[SourceVersion "1"]
[SourceVersionDate "2005.11.24"]
[SourceQuality "1"]

1. e4 e6 2. d4 d5 3. Nc3 Bb4 4. e5 c5 5. a3 cxd4 6. axb4 dxc3 7. bxc3 Qc7 8. Qd4 Ne7 9. f4 Nf5 10. Qd3 0-0 11. Nf3 Nd7 12. Nd4 Nb6 13. Be2 Bd7 14. 0-0 a6 15. Nxf5 exf5 16. Bd2 g6 17. Qd4 Rac8 18. Ra5 Be6 19. Rc5 Qd8 20. Rxc8 Bxc8 21. Ra1 Be6 22. Be3 Nc4 23. Bxc4 dxc4 24. Rd1 Qc7 25. Qd6 Qc8 26. Bb6 Kg7 27. Bd8 b5 28. Bf6+ Kg8 29. Qb6 Bd7 30. Rd6 h6 31. Qxa6 Qxa6 32. Rxa6 Be6 33. Kf2 Bd5 34. g3 Be4 35. Rb6 Ra8 36. Rxb5 Bxc2 37. Rc5 Bb3 38. Ke3 Kf8 39. Kd4 Ke8 40. Rc7 Ra2 41. b5 Rd2+ 42. Kc5 Rd3 43. Kc6 Rd8 44. Bxd8 Kxd8 45. b6 Ba4+ 46. Kd6 Bb5 47. b7 Ba6 48. b8Q+ Bc8 49. Qxc8# 1-0

[Event "Linares Anibal op 11th"]
[Site "Linares"]
[Date "2005.02.25"]
[Round "1"]
[White "Bardin, Christian"]
[Black "Aloma Vidal, Roberto"]
[Result "0-1"]
[WhiteElo "1831"]
[BlackElo "2329"]
[PlyCount "52"]
[EventDate "2005.02.25"]
[EventType "swiss"]
[EventRounds "9"]
[EventCountry "ESP"]
[SourceTitle "CBM 105 Extra"]
[Source "ChessBase"]
[SourceDate "2005.05.01"]
[SourceVersion "1"]
[SourceVersionDate "2005.05.01"]
[SourceQuality "1"]

1. e4 c5 2. c4 Nc6 3. Ne2 e6 4. d4 cxd4 5. Nxd4 Bb4+ 6. Bd2 Bc5 7. Nb3 Bb6 8. c5 Bc7 9. Nc3 Nge7 10. Be2 0-0 11. 0-0 f5 12. exf5 Nxf5 13. f4 b6 14. Nb5 bxc5 15. Nxc7 Qxc7 16. Rc1 d6 17. Bf3 Rb8 18. Qe1 Ncd4 19. Nxd4 Nxd4 20. b3 Bd7 21. Be4 Bb5 22. Rf2 Rbe8 23. Bc3 Qb6 24. Bxd4 cxd4 25. Rd2 Rxf4 26. Qg3 Rxe4 0-1

[Event "EU-ch Seniors 05th"]
[Site "Bad Homburg"]
[Date "2005.??.??"]
[Round "3"]
[White "Bardin, Christian"]
[Black "Mentel, Juergen"]
[Result "0-1"]
[WhiteElo "1837"]
[BlackElo "2076"]
[PlyCount "66"]
[EventDate "2005.06.25"]
[EventType "swiss"]
[EventRounds "9"]
[EventCountry "GER"]
[SourceTitle "EXT 2006"]
[Source "ChessBase"]
[SourceDate "2005.11.24"]
[SourceVersion "1"]
[SourceVersionDate "2005.11.24"]
[SourceQuality "1"]

1. e4 c5 2. c4 d6 3. Ne2 e5 4. g3 Nc6 5. Nbc3 f5 6. Bg2 Nf6 7. exf5 Bxf5 8. Nd5 Nxd5 9. Bxd5 Nb4 10. 0-0 Bc2 11. Qxc2 Nxc2 12. Rb1 Qc7 13. Nc3 Nb4 14. Nb5 Qd7 15. Be6 Qd8 16. d4 a6 17. Nc3 cxd4 18. Ne4 Be7 19. Bd2 d5 20. cxd5 Nxd5 21. f4 exf4 22. Bxf4 Nxf4 23. Rxf4 Rf8 24. Rbf1 Rxf4 25. Rxf4 Qb6 26. Bf7+ Kd8 27. Kg2 Qxb2+ 28. Kh3 Rc8 29. Bb3 Qe2 30. Nf2 h5 31. Rxd4+ Ke8 32. Kg2 Rc1 33. Rf4 Qf1+ 0-1

[Event "Paris Apsap op 69th"]
[Site "Paris"]
[Date "2003.12.27"]
[Round "1"]
[White "Debray, Christopher"]
[Black "Bardin, Christian"]
[Result "1-0"]
[WhiteElo "2102"]
[BlackElo "1946"]
[PlyCount "59"]
[EventDate "2003.12.31"]
[EventType "swiss"]
[EventRounds "7"]
[EventCountry "FRA"]
[SourceTitle "EXT 2005"]
[Source "ChessBase"]
[SourceDate "2004.11.15"]
[SourceVersion "1"]
[SourceVersionDate "2004.11.15"]
[SourceQuality "1"]

1. d4 Nf6 2. Nf3 c5 3. d5 e6 4. c4 exd5 5. cxd5 d6 6. Nc3 Be7 7. e4 0-0 8. Bd3 Nbd7 9. 0-0 Ne5 10. Nxe5 dxe5 11. f4 exf4 12. e5 c4 13. Be2 Bc5+ 14. Kh1 Nd7 15. Bxf4 Re8 16. e6 fxe6 17. dxe6 Nf6 18. Qxd8 Rxd8 19. Bxc4 Be7 20. Rad1 Kf8 21. Rxd8+ Bxd8 22. g4 Ke7 23. g5 Ne8 24. Nd5+ Kxe6 25. Re1+ Kf5 26. Bd3+ Kg4 27. Rg1+ Kh4 28. g6 hxg6 29. Rxg6 Bg4 30. Bg3+ 1-0

[Event "Wch Seniors 13th"]
[Site "Bad Zwischenahn"]
[Date "2003.??.??"]
[Round "?"]
[White "Bardin, Christian"]
[Black "Aigner, Georg"]
[Result "1-0"]
[WhiteElo "1760"]
[BlackElo "1805"]
[PlyCount "120"]
[EventDate "2003.11.16"]
[EventType "swiss"]
[EventRounds "11"]
[EventCountry "GER"]
[SourceTitle "CBM 097 Extra"]
[Source "ChessBase"]
[SourceDate "2004.01.13"]
[SourceVersion "1"]
[SourceVersionDate "2004.01.13"]
[SourceQuality "1"]

1. e4 e5 2. Nf3 Nc6 3. Nc3 Nf6 4. Bb5 d6 5. d4 exd4 6. Nxd4 Bd7 7. Bxc6 Bxc6 8. Nxc6 bxc6 9. 0-0 Be7 10. Bf4 0-0 11. Qf3 Nd7 12. Rfe1 Rb8 13. b3 Bf6 14. Rad1 Re8 15. Bg3 Re6 16. Ne2 Be5 17. Nd4 Bxd4 18. Rxd4 Qe7 19. Qd1 c5 20. Ra4 Ra8 21. f4 g6 22. f5 gxf5 23. exf5 Rxe1+ 24. Qxe1 Qxe1+ 25. Bxe1 Ne5 26. Bc3 f6 27. Kf2 Kf7 28. h3 Nd7 29. Rh4 Rh8 30. Ba5 c6 31. Ra4 Ra8 32. Bc7 Ke7 33. Ra6 Ne5 34. Bb6 Kd7 35. Ra4 a6 36. Ba5 d5 37. Rh4 Rh8 38. Rh6 Ke7 39. g4 Nf7 40. Rh5 Kd6 41. Bd2 Ke5 42. Kf3 d4 43. Bf4+ Kd5 44. g5 fxg5 45. Bxg5 Ne5+ 46. Kf4 d3 47. cxd3 Nxd3+ 48. Kf3 Rg8 49. Be7 Ne5+ 50. Kf4 Nd3+ 51. Kf3 Ne5+ 52. Kf4 Rg1 53. f6 Rf1+ 54. Ke3 Ke6 55. Rxh7 Ra1 56. Bxc5 Rxa2 57. Bd4 Nf7 58. Rh4 Ra3 59. Re4+ Kd5 60. Bc3 Rxb3 1-0